Southville International School and Colleges
Your cart is empty.
  • Cart
  • Lists
    Public lists Eva Luna New books Lux_list list_1
    Your lists Log in to create your own lists
  • Log in to your account
  • Your cookies
  • Search history
Southville International School and Colleges
  • Advanced search
  • Recent comments
  • Most popular
  • Libraries

Log in to your account

Log in with GOOGLE


If you do not have an external account, but do have a local account, you can still log in:

  1. Home
  2. MARC view: To kill a mockingbird
Normal view MARC view ISBD view

To kill a mockingbird (Record no. 11654)

[ view plain ]
MARC details
000 -LEADER
fixed length control field 01400cam a2200397 a 4500
001 - CONTROL NUMBER
control field 12960730
003 - CONTROL NUMBER IDENTIFIER
control field LC
005 - DATE AND TIME OF LATEST TRANSACTION
control field 20160308151239.0
008 - FIXED-LENGTH DATA ELEMENTS--GENERAL INFORMATION
fixed length control field 021008r19821960nyu 000 1 eng
010 ## - LIBRARY OF CONGRESS CONTROL NUMBER
LC control number 2002514617
020 ## - INTERNATIONAL STANDARD BOOK NUMBER
International Standard Book Number 9780446310789
020 ## - INTERNATIONAL STANDARD BOOK NUMBER
International Standard Book Number 0446310786
040 ## - CATALOGING SOURCE
Original cataloging agency DLC
Transcribing agency DLC
Modifying agency DLC
043 ## - GEOGRAPHIC AREA CODE
Geographic area code n-usu--
050 00 - LIBRARY OF CONGRESS CALL NUMBER
Classification number PS 3562
Item number .L477 1960
082 00 - DEWEY DECIMAL CLASSIFICATION NUMBER
Classification number PS 3562
Item number L477 1960
100 1# - MAIN ENTRY--PERSONAL NAME
Personal name Lee, Harper.
9 (RLIN) 20846
245 10 - TITLE STATEMENT
Title To kill a mockingbird
Statement of responsibility, etc by Harper Lee.
250 ## - EDITION STATEMENT
Edition statement Warner Books ed.
260 ## - PUBLICATION, DISTRIBUTION, ETC. (IMPRINT)
Place of publication, distribution, etc New York :
Name of publisher, distributor, etc Warner Books,
Date of publication, distribution, etc [1982], c1960.
300 ## - PHYSICAL DESCRIPTION
Extent 281 p. ;
Dimensions 18 cm.
650 #0 - SUBJECT ADDED ENTRY--TOPICAL TERM
Topical term or geographic name as entry element Fathers and daughters
Form subdivision Fiction.
9 (RLIN) 20847
650 #0 - SUBJECT ADDED ENTRY--TOPICAL TERM
Topical term or geographic name as entry element Race relations
Form subdivision Fiction.
9 (RLIN) 20848
650 #0 - SUBJECT ADDED ENTRY--TOPICAL TERM
Topical term or geographic name as entry element Trials (Rape)
Form subdivision Fiction.
9 (RLIN) 20849
650 #0 - SUBJECT ADDED ENTRY--TOPICAL TERM
Topical term or geographic name as entry element Girls
Form subdivision Fiction.
9 (RLIN) 20850
651 #0 - SUBJECT ADDED ENTRY--GEOGRAPHIC NAME
Geographic name Southern States
Form subdivision Fiction.
9 (RLIN) 20851
655 #7 - INDEX TERM--GENRE/FORM
Genre/form data or focus term Domestic fiction.
Source of term lcsh
9 (RLIN) 2796
655 #7 - INDEX TERM--GENRE/FORM
Genre/form data or focus term Bildungsromans.
Source of term gsafd
9 (RLIN) 2798
655 #7 - INDEX TERM--GENRE/FORM
Genre/form data or focus term Legal stories.
Source of term gsafd
9 (RLIN) 14108
856 42 - ELECTRONIC LOCATION AND ACCESS
Materials specified Contributor biographical information
Uniform Resource Identifier <a href="http://www.loc.gov/catdir/enhancements/fy0901/2002514617-b.html">http://www.loc.gov/catdir/enhancements/fy0901/2002514617-b.html</a>
856 42 - ELECTRONIC LOCATION AND ACCESS
Materials specified Publisher description
Uniform Resource Identifier <a href="http://www.loc.gov/catdir/enhancements/fy0901/2002514617-d.html">http://www.loc.gov/catdir/enhancements/fy0901/2002514617-d.html</a>
906 ## - LOCAL DATA ELEMENT F, LDF (RLIN)
a 7
b cbc
c origcop
d 1
e ncip
f 20
g y-gencatlg
942 ## - ADDED ENTRY ELEMENTS (KOHA)
Source of classification or shelving scheme Library of Congress Classification
Koha item type Books
Holdings
Withdrawn status Lost status Source of classification or shelving scheme Damaged status Home library Current library Shelving location Date acquired Total Checkouts Total Renewals Full call number Barcode Date last seen Date checked out Copy number Price effective from Koha item type
    Library of Congress Classification   Luxembourg Library Luxembourg Library Fiction Section 09/18/2013 6 7 PS 3562 .L477 1960 19499 12/16/2024 09/12/2024 1 09/18/2013 Books

To kill a mockingbird

APA

Lee H., . (19821960). To kill a mockingbird. New York: Warner Books.

Chicago

Lee Harper, . 19821960. To kill a mockingbird. New York: Warner Books.

Harvard

Lee H., . (19821960). To kill a mockingbird. New York: Warner Books.

MLA

Lee Harper, . To kill a mockingbird. New York: Warner Books. 19821960.

  • Place hold
  • Print
  • Cite
  • Add to your cart (remove)
  • Save record
    BIBTEX Dublin Core MARCXML MARC (non-Unicode/MARC-8) MARC (Unicode/UTF-8) MARC (Unicode/UTF-8, Standard) MODS (XML) RIS
  • More searches
    Search for this title in:
    Other Libraries (WorldCat) Other Databases (Google Scholar) Online Stores (Bookfinder.com) Open Library (openlibrary.org)

Exporting to Dublin Core...

SOUTHVILLE LIBRARY

Southville International School and Colleges Library

1281 Tropical Ave. Cor. Luxembourg St., BF Homes International, Las Pinas City

Tel. No. 8256374 / 252358 Loc. 117/146

Powered by Koha